DPH a účtovníctvo po 1. 5. 2004

Slovensko - súčasťou európskeho trhu. Zmeny v súvislosti s postupmi účtovania v podmienkach nového zákona o DPH. Možné spôsoby riešenia pri zachovaní príslušných právnych noriem.

Enregistré dans:
Détails bibliographiques
Auteur principal: Jurišová, Anna
Autres auteurs: Turóciová, Jana
Format: Chapitre de livre
Langue:slovaque
Sujets:
Tags: Ajouter un tag
Pas de tags, Soyez le premier à ajouter un tag!

MARC

LEADER 00000naa$a2200000$$$4500
001 0012843
005 20231003105630.4
041 0 |a slo 
044 |a SK 
245 1 0 |a DPH a účtovníctvo po 1. 5. 2004  |c aut. Anna Jurišová, Jana Turóciová 
520 |a Slovensko - súčasťou európskeho trhu. Zmeny v súvislosti s postupmi účtovania v podmienkach nového zákona o DPH. Možné spôsoby riešenia pri zachovaní príslušných právnych noriem. 
610 2 0 |a dane z hodnoty pridanej 
610 2 0 |a účtovníctvo daňové 
610 2 0 |a predpisy 
610 2 0 |a Slovensko 
610 2 0 |a 2004 
100 1 |a Jurišová, Anna 
700 1 |a Turóciová, Jana